[Event "NZL-ch Rapid 131st"]
[Site "Palmerston North"]
[Date "2024.01.12"]
[Round "8.4"]
[White "Lee, Miles"]
[Black "Chapman, Matt"]
[Result "1-0"]
[WhiteElo "1968"]
[BlackElo "1990"]
[PlyCount "113"]
[EventDate "2024.01.11"]
[EventType "swiss (rapid)"]
[EventRounds "9"]
[EventCountry "NZL"]
[SourceTitle "CB03_2024"]
[SourceDate "2024.01.17"]
[SourceVersion "1"]
[SourceVersionDate "2024.01.17"]
[SourceQuality "1"]

1. c4 e5 2. d3 Nc6 3. g3 f5 4. Bg2 Nf6 5. a3 d5 6. cxd5 Nxd5 7. Nc3 Be6 8. Nf3 Be7 9. 0-0 0-0 10. Bd2 a5 11. Rc1 h6 12. Na4 Qe8 13. Nc5 Bxc5 14. Rxc5 b6 15. Rc1 Rd8 16. Qc2 Nd4 17. Nxd4 exd4 18. Qc6 Rd6 19. Qxe8 Rxe8 20. b4 axb4 21. axb4 c6 22. Rc2 Bd7 23. Bf3 g5 24. Rfc1 g4 25. Bxd5+ Rxd5 26. Bxh6 Ra8 27. Bf4 Ra4 28. Rb2 Rb5 29. Rcb1 c5 30. Bd2 Bc6 31. Kf1 Kf7 32. Ke1 Ra8 33. Kf1 Ra4 34. bxc5 Rxb2 35. Rxb2 Ra1+ 36. Be1 bxc5 37. Rc2 Bg2+ 38. Kxg2 Rxe1 39. Rxc5 Rxe2 40. Rxf5+ Ke6 41. Rg5 Rd2 42. Rxg4 Rxd3 43. h4 Rd1 44. h5 d3 45. h6 d2 46. Rd4 Kf6 47. Kf3 Kg6 48. Rd6+ Kh7 49. Kg4 Ra1 50. Rxd2 Kxh6 51. Rd6+ Kg7 52. f4 Ra7 53. Kg5 Ra5+ 54. f5 Rb5 55. g4 Ra5 56. Rd7+ Kg8 57. Kg6 1-0

[Event "Birmingham op"]
[Site "Birmingham"]
[Date "2020.02.23"]
[Round "5"]
[White "Chapman, Matt"]
[Black "Bhattacharjee, Sourav"]
[Result "1/2-1/2"]
[WhiteElo "1990"]
[BlackElo "2192"]
[PlyCount "90"]
[EventDate "2020.02.22"]
[EventType "team-swiss"]
[EventRounds "5"]
[EventCountry "ENG"]
[SourceTitle "CBM 195 Extra"]
[Source "ChessBase"]
[SourceDate "2020.05.31"]
[SourceVersion "1"]
[SourceVersionDate "2020.05.31"]
[SourceQuality "1"]
[WhiteTeam "Southampton"]
[BlackTeam "Imperial"]
[WhiteTeamCountry "ENG"]
[BlackTeamCountry "ENG"]

1. d4 Nf6 2. Nf3 g6 3. Bg5 Bg7 4. Nbd2 d5 5. e3 0-0 6. c3 Bg4 7. Be2 c6 8. 0-0 Nbd7 9. h3 Bxf3 10. Nxf3 Ne4 11. Bf4 Re8 12. c4 e6 13. Qc2 Rc8 14. Rac1 g5 15. Bh2 f5 16. Ne5 Nxe5 17. dxe5 Rf8 18. b4 f4 19. Bg4 Qd7 20. f3 Ng3 21. Bxg3 fxg3 22. f4 Rce8 23. Rce1 Qe7 24. a3 gxf4 25. exf4 Qh4 26. cxd5 cxd5 27. Qe2 Re7 28. Kh1 h5 29. Bxh5 Rxf4 30. Bg4 Qg5 31. Rxf4 Qxf4 32. Qc2 Qf2 33. Qc8+ Kh7 34. Rd1 Rf7 35. Qc1 Bxe5 36. Bxe6 Rc7 37. Qg5 Qf6 38. Qh5+ Kg7 39. Bxd5 Rc3 40. Ba2 Bd6 41. Qg4+ Kh6 42. Bb1 Re3 43. Qd7 Be5 44. Qh7+ Kg5 45. Qg8+ Kh6 1/2-1/2

[Event "Hastings Masters op 95th"]
[Site "Hastings"]
[Date "2019.12.28"]
[Round "1"]
[White "Chapman, Matt"]
[Black "Mineev, Sergey I"]
[Result "1-0"]
[WhiteElo "1937"]
[BlackElo "1588"]
[PlyCount "73"]
[EventDate "2019.12.28"]
[EventType "swiss"]
[EventRounds "9"]
[EventCountry "ENG"]
[SourceTitle "CBM 194 Extra"]
[Source "ChessBase"]
[SourceDate "2020.03.31"]
[SourceVersion "1"]
[SourceVersionDate "2020.03.31"]
[SourceQuality "1"]

1. d4 Nf6 2. Nf3 g6 3. Bg5 Bg7 4. Nbd2 d6 5. e4 Nc6 6. c3 0-0 7. Bb5 Bd7 8. h3 Qe8 9. Qe2 h6 10. Bh4 Nh5 11. 0-0-0 Nf4 12. Qf1 g5 13. Bg3 Ng6 14. h4 g4 15. h5 gxf3 16. hxg6 fxg2 17. gxf7+ Qxf7 18. Qxg2 Ne5 19. Bxe5 Bxb5 20. Bxg7 Qxg7 21. Qh2 Kh7 22. Rdg1 Qf6 23. Rg4 Rg8 24. Rh4 Rg6 25. f4 Rag8 26. Nf3 e6 27. f5 exf5 28. exf5 Qxf5 29. Rxh6+ Kg7 30. Rxg6+ Qxg6 31. Rg1 Bd3 32. Rxg6+ Bxg6 33. Nh4 Be4 34. Qf4 Re8 35. Nf5+ Bxf5 36. Qxf5 Re7 37. Qg4+ 1-0

[Event "London Classic op 11th"]
[Site "London"]
[Date "2019.11.29"]
[Round "1"]
[White "Sowray, Peter John"]
[Black "Chapman, Matt"]
[Result "1/2-1/2"]
[WhiteElo "2316"]
[BlackElo "1937"]
[PlyCount "127"]
[EventDate "2019.11.29"]
[EventType "swiss"]
[EventRounds "9"]
[EventCountry "ENG"]
[SourceTitle "CBM 193 Extra"]
[Source "ChessBase"]
[SourceDate "2020.01.31"]
[SourceVersion "1"]
[SourceVersionDate "2020.01.31"]
[SourceQuality "1"]

1. d4 d5 2. c4 c6 3. Nf3 Nf6 4. Nc3 dxc4 5. a4 Bf5 6. e3 e6 7. Bxc4 Bb4 8. 0-0 0-0 9. Qe2 Nbd7 10. e4 Bg6 11. Bd3 Bh5 12. e5 Nd5 13. Nxd5 cxd5 14. Qe3 Be7 15. Ng5 Bxg5 16. Qxg5 Qxg5 17. Bxg5 Nb8 18. a5 Nc6 19. Ra4 a6 20. Rc1 Rfc8 21. f3 Bg6 22. Be2 Rc7 23. Ra3 Rcc8 24. Be3 Na7 25. Rac3 Rxc3 26. Rxc3 Rc8 27. Rxc8+ Nxc8 28. Kf2 Na7 29. Bd2 Nc6 30. Ke3 Bc2 31. g4 h6 32. h4 g6 33. Bc3 Kg7 34. Kd2 Ba4 35. Bd3 g5 36. hxg5 hxg5 37. Ke3 Bd1 38. Kf2 Ba4 39. f4 gxf4 40. Kf3 Bd1+ 41. Kxf4 Ba4 42. Be2 Kg6 43. Ke3 Kg7 44. Bf3 Kg6 45. Bd2 Bb5 46. Bd1 Bc4 47. Bc2+ Kg7 48. Be1 Bb5 49. Bc3 Bc4 50. Kf4 Bb5 51. Kf3 Bc4 52. Kf2 Bb5 53. b3 Kh6 54. Bb1 Kg7 55. Bc2 Kh6 56. Bd1 Kg7 57. Bf3 Kg6 58. Bg2 Kg7 59. Ke3 Kg6 60. Bf3 Kg7 61. Bd1 Kg6 62. Bc2+ Kg7 63. Kf4 Bf1 64. Ke3 1/2-1/2

[Event "Hampshire op"]
[Site "Fareham"]
[Date "2019.11.03"]
[Round "6"]
[White "Chapman, Matt"]
[Black "Chandler, Clifford R"]
[Result "1/2-1/2"]
[WhiteElo "1937"]
[BlackElo "2281"]
[PlyCount "26"]
[EventDate "2019.11.01"]
[EventType "swiss"]
[EventRounds "6"]
[EventCountry "ENG"]
[SourceTitle "CBM 192 Extra"]
[Source "Chessbase"]
[SourceDate "2019.11.06"]
[SourceVersion "1"]
[SourceVersionDate "2019.11.06"]
[SourceQuality "1"]

1. e4 d5 2. exd5 Nf6 3. Bb5+ Bd7 4. Bc4 Bg4 5. f3 Bf5 6. Nc3 c6 7. dxc6 Nxc6 8. Nge2 Qb6 9. d3 0-0-0 10. Bd2 Ne5 11. Ng3 Nxc4 12. Nxf5 Qe6+ 13. Qe2 Nxd2 1/2-1/2

[Event "Hampshire op"]
[Site "Fareham"]
[Date "2019.11.02"]
[Round "3"]
[White "Marsh, Roger DW"]
[Black "Chapman, Matt"]
[Result "1/2-1/2"]
[WhiteElo "1937"]
[BlackElo "1937"]
[PlyCount "58"]
[EventDate "2019.11.01"]
[EventType "swiss"]
[EventRounds "6"]
[EventCountry "ENG"]
[SourceTitle "CBM 192 Extra"]
[Source "Chessbase"]
[SourceDate "2019.11.06"]
[SourceVersion "1"]
[SourceVersionDate "2019.11.06"]
[SourceQuality "1"]

1. d4 d5 2. c4 c6 3. cxd5 cxd5 4. Nc3 Nf6 5. Nf3 Nc6 6. e3 a6 7. a3 Bf5 8. Ne5 e6 9. Qa4 Qb6 10. Nxc6 bxc6 11. b4 Ne4 12. Nxe4 Bxe4 13. Bd2 Bd6 14. Rc1 Kd7 15. f3 Bg6 16. Be2 h5 17. 0-0 h4 18. h3 Bf5 19. Kh1 Rhc8 20. f4 g5 21. fxg5 Qd8 22. Qd1 Qxg5 23. e4 Qg3 24. e5 Rg8 25. Bf3 Be7 26. Be1 Qg5 27. Bd2 Qg3 28. Be1 Qg5 29. Bd2 Qg3 1/2-1/2

[Event "GBR-ch Major 106th"]
[Site "Torquay"]
[Date "2019.08.04"]
[Round "9"]
[White "Chapman, Matt"]
[Black "Nayak, Raghav"]
[Result "1/2-1/2"]
[WhiteElo "1957"]
[BlackElo "1906"]
[PlyCount "162"]
[EventDate "2019.07.27"]
[EventType "swiss"]
[EventRounds "9"]
[EventCountry "ENG"]
[SourceTitle "EXT 2020"]
[Source "ChessBase"]
[SourceDate "2019.10.17"]
[SourceVersion "1"]
[SourceVersionDate "2019.10.17"]
[SourceQuality "1"]

1. e4 e5 2. Nf3 Nc6 3. d4 exd4 4. Bc4 Bc5 5. c3 d3 6. 0-0 d6 7. b4 Bb6 8. Qxd3 Nf6 9. a4 a6 10. a5 Ba7 11. Bg5 0-0 12. Nbd2 h6 13. Bh4 g5 14. Bg3 Nh5 15. Ba2 Nxg3 16. hxg3 Qf6 17. Rae1 Be6 18. Bb1 Ne5 19. Qc2 Nxf3+ 20. gxf3 Bh3 21. e5 Qg6 22. Qc1 Qg7 23. exd6 cxd6 24. Re7 Bxf1 25. Kxf1 d5 26. Rxb7 Qe5 27. Qc2 f5 28. Qd3 Rf6 29. f4 Qd6 30. Ba2 gxf4 31. gxf4 Kh8 32. Qxd5 Rd8 33. Qxd6 Rfxd6 34. Nf3 R8d7 35. Rxd7 Rxd7 36. Ne5 Rd2 37. Bc4 Rxf2+ 38. Ke1 Rc2 39. Bxa6 Rxc3 40. b5 Ra3 41. Nc4 Ra4 42. b6 Bxb6 43. Nxb6 Rxa5 44. Bd3 h5 45. Kf2 Kg7 46. Nd7 Rd5 47. Ne5 Kf6 48. Kg3 Rd4 49. Kf3 h4 50. Ke3 Rd5 51. Nf3 h3 52. Bf1 h2 53. Nxh2 Ra5 54. Bd3 Rc5 55. Nf3 Ra5 56. Nd4 Rc5 57. Kd2 Ra5 58. Kc3 Ra1 59. Nc2 Ra5 60. Ne3 Ra1 61. Kd4 Ra4+ 62. Bc4 Ra1 63. Kc5 Re1 64. Nd5+ Kg6 65. Bd3 Rd1 66. Kd4 Ra1 67. Ne7+ Kf6 68. Nxf5 Rd1 69. Ne3 Ra1 70. Ng4+ Kf7 71. f5 Rg1 72. Ne3 Ra1 73. Nd5 Rd1 74. Ke3 Ra1 75. Kf4 Ra4+ 76. Ke5 Ra1 77. f6 Re1+ 78. Be4 Rf1 79. Nf4 Rxf4 80. Bd5+ Kg6 81. Kxf4 Kxf6 1/2-1/2

[Event "GBR-ch AM op 106th"]
[Site "Torquay"]
[Date "2019.08.01"]
[Round "4"]
[White "Fathallah, Joe"]
[Black "Chapman, Matt"]
[Result "1/2-1/2"]
[WhiteElo "1952"]
[BlackElo "1957"]
[PlyCount "124"]
[EventDate "2019.07.29"]
[EventType "swiss"]
[EventRounds "5"]
[EventCountry "ENG"]
[SourceTitle "EXT 2021"]
[Source "ChessBase"]
[SourceDate "2020.10.23"]
[SourceVersion "1"]
[SourceVersionDate "2020.10.23"]
[SourceQuality "1"]

1. d4 d5 2. c4 c6 3. Nc3 Nf6 4. Nf3 dxc4 5. a4 Bf5 6. e3 e6 7. Bxc4 Bb4 8. 0-0 0-0 9. Qe2 Nbd7 10. e4 Bg6 11. e5 Nd5 12. Ne4 h6 13. h3 a5 14. Rd1 Be7 15. Bd2 Qb6 16. Be1 Rfc8 17. Rac1 Qd8 18. g3 N7b6 19. Bb3 Nb4 20. Bxb4 Bxb4 21. Nc5 Qe7 22. Nh4 Bh7 23. Qg4 Nd5 24. Nd3 Qg5 25. Qxg5 hxg5 26. Nf3 Bxd3 27. Rxd3 f6 28. Kg2 Kf7 29. Nd2 Rd8 30. Kf3 Rd7 31. Bxd5 Rxd5 32. Nc4 Rh8 33. Kg2 f5 34. Nb6 Rdd8 35. Rh1 Ke7 36. Rhd1 Rde8 37. Nc4 Kd7 38. b3 Kc7 39. Ne3 Rd8 40. Nc2 Be7 41. f4 gxf4 42. gxf4 Rh4 43. Kg3 Rdh8 44. Rh1 g5 45. fxg5 Bxg5 46. Ne1 Be7 47. Nf3 Re4 48. Nd2 Reh4 49. Nf3 Rg8+ 50. Kh2 Re4 51. Rg1 Rxg1 52. Kxg1 Kd7 53. Kf2 Ke8 54. Re3 Rxe3 55. Kxe3 b5 56. Kf4 Ba3 57. Ne1 Bc1+ 58. Kf3 bxa4 59. bxa4 Bb2 60. Ke3 Kf7 61. Nd3 Ba3 62. Kf3 Be7 1/2-1/2

[Event "Basingstoke 4NCL Spring Bank 2nd"]
[Site "Basingstoke"]
[Date "2019.05.25"]
[Round "2"]
[White "Chapman, Matt"]
[Black "Moore, Gerald C"]
[Result "0-1"]
[WhiteElo "1961"]
[BlackElo "2057"]
[PlyCount "104"]
[EventDate "2019.05.24"]
[EventType "swiss"]
[EventRounds "7"]
[EventCountry "ENG"]
[SourceTitle "CBM 190 Extra"]
[Source "ChessBase"]
[SourceDate "2019.07.15"]
[SourceVersion "1"]
[SourceVersionDate "2019.07.15"]
[SourceQuality "1"]

1. e4 c5 2. Nf3 e6 3. d4 cxd4 4. Nxd4 Nc6 5. Nc3 d6 6. g3 Nf6 7. Bg2 Bd7 8. 0-0 Be7 9. Re1 0-0 10. Be3 a6 11. Nb3 Qc7 12. Qe2 Ne5 13. Rad1 Rac8 14. h3 b5 15. f4 Nc4 16. Bc1 b4 17. Nb1 e5 18. c3 a5 19. f5 Bb5 20. Qf3 Rfd8 21. Bf1 a4 22. N3d2 Nxd2 23. Rxd2 Bxf1 24. Qxf1 d5 25. exd5 Nxd5 26. Red1 Qc5+ 27. Kh2 bxc3 28. bxc3 Ne3 29. Rxd8+ Bxd8 30. Bxe3 Qxe3 31. Rd3 Qb6 32. Nd2 Be7 33. Ne4 Qc6 34. Qe2 Rb8 35. c4 a3 36. Rd2 Rb2 37. Rc2 Qb7 38. Kg2 g6 39. g4 Bc5 40. Kg3 Bd4 41. Nf6+ Kg7 42. Nd5 Rxc2 43. Qxc2 Qb2 44. Qg2 Qc1 45. f6+ Kf8 46. Qe2 g5 47. Kf3 Qh1+ 48. Kg3 Qg1+ 49. Kf3 Qh1+ 50. Kg3 e4 51. Ne3 Qg1+ 52. Ng2 Be5# 0-1

[Event "Hastings Masters op 94th"]
[Site "Hastings"]
[Date "2018.12.31"]
[Round "4"]
[White "Byron, Alan M"]
[Black "Chapman, Matt"]
[Result "1/2-1/2"]
[WhiteElo "2157"]
[BlackElo "1902"]
[PlyCount "79"]
[EventDate "2018.12.28"]
[EventType "swiss"]
[EventRounds "10"]
[EventCountry "ENG"]
[SourceTitle "CBM 188 Extra"]
[Source "ChessBase"]
[SourceDate "2019.02.26"]
[SourceVersion "1"]
[SourceVersionDate "2019.02.26"]
[SourceQuality "1"]

1. e4 c6 2. d4 d5 3. e5 Bf5 4. Nf3 e6 5. Be2 Ne7 6. 0-0 c5 7. dxc5 Nec6 8. c4 d4 9. Bg5 Qd7 10. Re1 h6 11. Bh4 d3 12. Bf1 Bxc5 13. Nbd2 Nb4 14. Ne4 N8a6 15. Nd6+ Bxd6 16. exd6 Qxd6 17. Bg3 Qd8 18. Nh4 0-0 19. Nxf5 exf5 20. Re5 Qf6 21. Qf3 Nc6 22. Rd5 Qxb2 23. Qd1 Rad8 24. Bd6 Ncb4 25. Rb1 Qc3 26. Bxf8 Nxd5 27. Rb3 Qxc4 28. Ba3 Nb6 29. Bxd3 Qd5 30. Qc2 Na4 31. Bxa6 bxa6 32. h3 Nb6 33. Qc7 Rd7 34. Qb8+ Kh7 35. Rg3 Rd8 36. Qxa7 Nc4 37. Qxa6 Nxa3 38. Qxa3 Qd1+ 39. Kh2 Qd4 40. Rf3 1/2-1/2

[Event "Hastings Masters op 94th"]
[Site "Hastings"]
[Date "2018.12.29"]
[Round "2"]
[White "Stoyanov, Boris1111"]
[Black "Chapman, Matt"]
[Result "0-1"]
[WhiteElo "1583"]
[BlackElo "1902"]
[PlyCount "68"]
[EventDate "2018.12.28"]
[EventType "swiss"]
[EventRounds "10"]
[EventCountry "ENG"]
[SourceTitle "CBM 188 Extra"]
[Source "ChessBase"]
[SourceDate "2019.02.26"]
[SourceVersion "1"]
[SourceVersionDate "2019.02.26"]
[SourceQuality "1"]

1. d4 d5 2. c4 c6 3. Nf3 Nf6 4. Nc3 dxc4 5. e3 b5 6. a4 b4 7. Nb1 Ba6 8. Ne5 e6 9. Be2 Bd6 10. Nxc4 Bxc4 11. Bxc4 0-0 12. 0-0 Qc7 13. g3 Rd8 14. Be2 c5 15. Bf3 Nc6 16. dxc5 Bxg3 17. hxg3 Rxd1 18. Rxd1 Rc8 19. Nd2 Ne5 20. Bg2 Qxc5 21. b3 Qc2 22. Rf1 Nd3 23. Bf3 Nxc1 24. Raxc1 Qxc1 25. Rxc1 Rxc1+ 26. Kg2 Nd7 27. Ne4 Rb1 28. Nd2 Rb2 29. Nc4 Rxb3 30. Bc6 Nc5 31. Kf3 Rc3 32. Na5 b3 33. Nb7 Nxb7 34. Bxb7 f5 0-1

[Event "Hastings Masters op 94th"]
[Site "Hastings"]
[Date "2018.12.28"]
[Round "1"]
[White "Chapman, Matt"]
[Black "Comellas Blanchart, Jordi"]
[Result "0-1"]
[WhiteElo "1902"]
[BlackElo "2129"]
[PlyCount "76"]
[EventDate "2018.12.28"]
[EventType "swiss"]
[EventRounds "10"]
[EventCountry "ENG"]
[SourceTitle "CBM 188 Extra"]
[Source "ChessBase"]
[SourceDate "2019.02.26"]
[SourceVersion "1"]
[SourceVersionDate "2019.02.26"]
[SourceQuality "1"]

1. e4 e5 2. Nf3 Nc6 3. d4 exd4 4. Bc4 Nf6 5. e5 d5 6. Bb5 Ne4 7. Nxd4 Bc5 8. Be3 0-0 9. Nxc6 bxc6 10. Bxc5 Nxc5 11. Bxc6 Rb8 12. Qxd5 Qe7 13. 0-0 Rxb2 14. Na3 Rd8 15. Qf3 Ne6 16. Qc3 Rb6 17. Rfd1 Ba6 18. Bf3 c5 19. Rxd8+ Qxd8 20. Nc4 Rb4 21. Nd6 Qb6 22. Re1 Nd4 23. Bd5 Ne2+ 24. Rxe2 Bxe2 25. Bxf7+ Kf8 26. h3 Rd4 27. Bb3 c4 28. Ba4 Rd1+ 29. Kh2 Qxf2 30. Ne4 Qf4+ 31. Ng3 h5 32. Qb4+ Kg8 33. Qb8+ Kh7 34. Qc8 Qxe5 35. Bc6 h4 36. Be4+ g6 37. Bxg6+ Kg7 38. Qb7+ Kxg6 0-1

[Event "Basingstoke 4NCL Spring Bank op-A 1st"]
[Site "Basingstoke"]
[Date "2018.05.28"]
[Round "6"]
[White "Chapman, Matt"]
[Black "Bates, Richard"]
[Result "0-1"]
[WhiteElo "2087"]
[BlackElo "2371"]
[PlyCount "88"]
[EventDate "2018.05.25"]
[EventType "swiss"]
[EventRounds "7"]
[EventCountry "ENG"]
[SourceTitle "CBM 184 Extra"]
[Source "ChessBase"]
[SourceDate "2018.06.28"]
[SourceVersion "1"]
[SourceVersionDate "2018.06.28"]
[SourceQuality "1"]

1. e4 c5 2. Nf3 d6 3. d4 cxd4 4. Nxd4 Nf6 5. Nc3 a6 6. h3 e5 7. Nde2 h5 8. Bg5 Be6 9. Bxf6 Qxf6 10. Nd5 Qd8 11. Nec3 Nc6 12. Bc4 b5 13. Bb3 g6 14. Ne3 Bh6 15. Ncd5 Nd4 16. 0-0 0-0 17. c3 Nxb3 18. axb3 a5 19. Qe2 Bxe3 20. Nxe3 Bxb3 21. Qxb5 a4 22. Rac1 Ra5 23. Qb4 Rc5 24. Rfe1 Qb8 25. Nd5 Bxd5 26. exd5 Qxb4 27. cxb4 Rxd5 28. Ra1 Rd4 29. Rxa4 Rb8 30. Kf1 Rdxb4 31. Rxb4 Rxb4 32. Rd1 Rb6 33. Rd2 Kf8 34. Ke2 Ke7 35. Rc2 Ke6 36. g3 Rb3 37. h4 d5 38. f3 e4 39. fxe4 dxe4 40. Kf2 Ke5 41. Kg2 Kd4 42. Kf2 Rf3+ 43. Kg2 Rf5 44. Rc7 e3 0-1

[Event "Basingstoke 4NCL Spring Bank op-A 1st"]
[Site "Basingstoke"]
[Date "2018.05.28"]
[Round "7"]
[White "Chapman, Matt"]
[Black "Tombolis, Christopher"]
[Result "1/2-1/2"]
[WhiteElo "2087"]
[BlackElo "1864"]
[PlyCount "150"]
[EventDate "2018.05.25"]
[EventType "swiss"]
[EventRounds "7"]
[EventCountry "ENG"]
[SourceTitle "CBM 184 Extra"]
[Source "ChessBase"]
[SourceDate "2018.06.28"]
[SourceVersion "1"]
[SourceVersionDate "2018.06.28"]
[SourceQuality "1"]

1. e4 c5 2. Nf3 Nc6 3. d4 cxd4 4. Nxd4 Nf6 5. Nc3 g6 6. Nxc6 bxc6 7. e5 Nd5 8. Nxd5 cxd5 9. Qxd5 Rb8 10. Bc4 e6 11. Qd4 Bb7 12. 0-0 Bg7 13. Re1 0-0 14. Bf4 Qh4 15. g3 Qd8 16. Bd3 Qc7 17. b3 h6 18. Be4 Bxe4 19. Qxe4 g5 20. Bd2 Rb5 21. f4 gxf4 22. gxf4 Rd5 23. Rad1 f5 24. Qg2 Qxc2 25. Bb4 Qxg2+ 26. Kxg2 Rxd1 27. Rxd1 Rb8 28. Bc5 Rb7 29. Kf3 Bf8 30. Rg1+ Kf7 31. Bxf8 Kxf8 32. Rg6 Rc7 33. Rxh6 Kg7 34. Rh5 Rc3+ 35. Ke2 Rc2+ 36. Kd3 Rxa2 37. Kc4 Rc2+ 38. Kb5 Rc6 39. Rh3 Rb6+ 40. Kc4 Rc6+ 41. Kd3 Rb6 42. Kc3 Rc6+ 43. Kd2 Rb6 44. Rd3 Kf8 45. h4 Rb7 46. Kc3 Kg7 47. h5 Kh6 48. Rh3 a5 49. Rh1 Rb4 50. Rh4 Re4 51. Kd3 a4 52. bxa4 Rxa4 53. Ke3 Re4+ 54. Kf3 Rd4 55. Ke3 Rd5 56. Rh1 d6 57. exd6 Rxd6 58. Rh2 Rd1 59. Rh4 Re1+ 60. Kf3 Re4 61. Rh1 Ra4 62. Ke3 Rb4 63. Kf3 Re4 64. Rh2 Re1 65. Rh4 Ra1 66. Ke3 Ra2 67. Rh1 Rg2 68. Kf3 Ra2 69. Ke3 Ra4 70. Kf3 Ra3+ 71. Kf2 Rb3 72. Ke2 Rc3 73. Kf2 Rc4 74. Kf3 Re4 75. Kg3 Re3+ 1/2-1/2

[Event "Basingstoke 4NCL Spring Bank op-A 1st"]
[Site "Basingstoke"]
[Date "2018.05.26"]
[Round "3"]
[White "Chapman, Matt"]
[Black "Jamroz, Krzysztof"]
[Result "1/2-1/2"]
[WhiteElo "2087"]
[BlackElo "2000"]
[PlyCount "66"]
[EventDate "2018.05.25"]
[EventType "swiss"]
[EventRounds "7"]
[EventCountry "ENG"]
[SourceTitle "CBM 184 Extra"]
[Source "ChessBase"]
[SourceDate "2018.06.28"]
[SourceVersion "1"]
[SourceVersionDate "2018.06.28"]
[SourceQuality "1"]

1. e4 c5 2. Nf3 Nc6 3. d4 cxd4 4. Nxd4 Nf6 5. Nc3 e5 6. Ndb5 d6 7. Bg5 a6 8. Na3 b5 9. Nd5 Be7 10. Bxf6 Bxf6 11. c4 b4 12. Nc2 a5 13. g3 0-0 14. h4 Be6 15. Bh3 Rb8 16. b3 Qd7 17. Nxf6+ gxf6 18. g4 Kh8 19. Ne3 Nd4 20. f3 a4 21. Nc2 Nc6 22. Qd2 Rg8 23. Kf2 Na5 24. Rab1 Qa7+ 25. Qe3 Qc5 26. h5 Ra8 27. Rhc1 Nc6 28. Rb2 Ra7 29. Bf1 Rga8 30. Bd3 axb3 31. axb3 Ra2 32. Rcb1 Kg7 33. Ke2 Qxe3+ 1/2-1/2